| 000 | 01175nam a22002657a 4500 | ||
|---|---|---|---|
| 999 |
_c64220 _d64220 |
||
| 005 | 20240530110720.0 | ||
| 008 | 180322s2016 ua g b 000 0dara d | ||
| 017 |
_a2014/25762 _bمصر. دار الكتب |
||
| 020 | _a978977920030 | ||
| 040 |
_aEG-CaGPL _cEG-CaGPL |
||
| 082 | 0 | 4 |
_221 _a962.031 / _bق/ع م |
| 100 | 0 | _aعفاف لطفى السيد مارسو | |
| 245 | 1 | 0 |
_aمصر فى عهد محمد على / _cتاليف عفاف لطفى السيد مارسو ؛ ترجمة عبدالسميع عمر زين الدين ؛ مراجعة السيد أمين شلبى |
| 250 | _aط.2 | ||
| 260 |
_aالقاهرة : _bالمركز القومى للترجمة ، _c2016. |
||
| 300 |
_a625 ص. ؛ _c24 سم. |
||
| 490 | 0 |
_aالمركز القومى للترجمة ؛ _v554/2. |
|
| 504 | _aيشتمل على ارجاعات ببليوجرافية | ||
| 651 | 0 | 7 |
_2qrmak _aمصر _xتاريخ |
| 651 | 0 | 7 |
_2qrmak _aمصر _xتاريخ _yعصر محمد على (1805 - 1849م ) |
| 700 | 0 |
_aعبدالسميع عمر زين الدين _eمترجم |
|
| 700 | 0 |
_aالسيد أمين شلبى _eمراجع |
|
| 942 |
_2ddc _cBK |
||